[Event "Glyfada New Year op"]
[Site "Glyfada"]
[Date "2011.01.03"]
[Round "2"]
[White "Khurtsilava, Inga"]
[Black "Mouratidis, Haralambos"]
[Result "1-0"]
[WhiteElo "2268"]
[BlackElo "1861"]
[PlyCount "97"]
[EventDate "2011.01.02"]
[EventType "swiss"]
[EventRounds "7"]
[EventCountry "GRE"]
[SourceTitle "EXT 2024"]
[Source "ChessBase"]
[SourceDate "2023.10.10"]
[SourceVersion "1"]
[SourceVersionDate "2023.10.10"]
[SourceQuality "1"]

1. d4 d5 2. Nf3 Nf6 3. e3 e6 4. Bd3 Bd6 5. b3 Nbd7 6. Bb2 0-0 7. 0-0 c5 8. Ne5 Qc7 9. f4 Ne4 10. Bxe4 dxe4 11. Nd2 f5 12. Ndc4 b5 13. Nxd6 Qxd6 14. Nxd7 Bxd7 15. dxc5 Qd5 16. c4 bxc4 17. bxc4 Qxd1 18. Raxd1 Ba4 19. Rd6 Kf7 20. Be5 Rfd8 21. Ra6 Bc2 22. c6 g6 23. c7 Rdc8 24. Rc1 Bd3 25. Kf2 Ke7 26. h3 Kd7 27. g4 Re8 28. Rd6+ Ke7 29. g5 Rec8 30. Rd8 Rxd8 31. Bf6+ Kd7 32. cxd8Q+ Rxd8 33. Bxd8 Kxd8 34. Rc3 Kc7 35. Ke1 Kc6 36. Kd2 Bf1 37. Ra3 Kb7 38. Kc3 Bxh3 39. Kd4 a6 40. Kc5 Bf1 41. Rb3+ Kc7 42. Rb1 Bg2 43. Rb6 e5 44. fxe5 f4 45. exf4 e3 46. Rb3 e2 47. Re3 Bf3 48. e6 Kd8 49. Kd6 1-0

[Event "Athens Glyfada op"]
[Site "Athens"]
[Date "2006.12.27"]
[Round "4"]
[White "Mouratidis, Haralambos"]
[Black "Androni, Konstantina"]
[Result "1/2-1/2"]
[WhiteElo "1977"]
[BlackElo "1809"]
[PlyCount "76"]
[EventDate "2006.12.22"]
[EventType "swiss"]
[EventRounds "7"]
[EventCountry "GRE"]
[SourceTitle "EXT 2024"]
[Source "ChessBase"]
[SourceDate "2023.10.10"]
[SourceVersion "1"]
[SourceVersionDate "2023.10.10"]
[SourceQuality "1"]

1. e4 d5 2. exd5 Qxd5 3. Nc3 Qa5 4. d4 c6 5. Nf3 Nf6 6. Bd2 Bf5 7. Bc4 e6 8. Ne4 Qc7 9. Nxf6+ gxf6 10. Bc3 Nd7 11. Bd3 Bxd3 12. Qxd3 0-0-0 13. 0-0-0 Rg8 14. g3 f5 15. Qe2 Bd6 16. Ne5 Nf6 17. Bd2 Ne4 18. f3 Nxd2 19. Rxd2 Bxe5 20. Qxe5 Qxe5 21. dxe5 Rxd2 22. Kxd2 f4 23. Rg1 Rg5 24. Re1 fxg3 25. hxg3 Rxg3 26. Ke3 Rg2 27. Rh1 Rg7 28. Kf2 Kd7 29. a4 a5 30. c3 Kc7 31. b4 Kb6 32. Rb1 axb4 33. cxb4 Ka6 34. Rc1 h5 35. Rh1 Rg5 36. f4 Rf5 37. Kf3 b5 38. a5 Kb7 1/2-1/2

[Event "Ulm/Neu Ulm-ch"]
[Site "Ulm/Neu Ulm"]
[Date "2005.??.??"]
[Round "?"]
[White "Bachus, Josef"]
[Black "Mouratidis, Haralambos"]
[Result "1-0"]
[WhiteElo "2106"]
[BlackElo "1770"]
[PlyCount "61"]
[EventDate "2005.11.26"]
[EventType "swiss"]
[EventRounds "7"]
[EventCountry "GER"]
[SourceTitle "EXT 2011"]
[Source "ChessBase"]
[SourceDate "2010.11.26"]
[SourceVersion "1"]
[SourceVersionDate "2010.11.26"]
[SourceQuality "1"]

1. e4 e5 2. Nc3 Nf6 3. Bc4 Bc5 4. d3 h6 5. f4 d6 6. f5 c6 7. Qf3 b5 8. Bb3 Bxg1 9. Rxg1 a5 10. a4 b4 11. Ne2 Nbd7 12. Be3 Bb7 13. 0-0-0 d5 14. exd5 cxd5 15. d4 Qc7 16. Qg3 Kf8 17. dxe5 Qxe5 18. Qxe5 Nxe5 19. Nf4 Nc4 20. Bc5+ Kg8 21. Rge1 Rc8 22. Be7 Ng4 23. Nxd5 Bxd5 24. Rxd5 Nce3 25. Rxa5 Nxc2 26. Bxc2 b3 27. Rc5 Rxc5 28. Bxc5 bxc2 29. Re8+ Kh7 30. Rxh8+ Kxh8 31. Bd4 1-0

[Event "Ulm/Neu Ulm-ch"]
[Site "Ulm/Neu Ulm"]
[Date "2005.??.??"]
[Round "?"]
[White "Mouratidis, Haralambos"]
[Black "Sauter, Berthold"]
[Result "1-0"]
[WhiteElo "1770"]
[BlackElo "1453"]
[PlyCount "71"]
[EventDate "2005.11.26"]
[EventType "swiss"]
[EventRounds "7"]
[EventCountry "GER"]
[SourceTitle "EXT 2011"]
[Source "ChessBase"]
[SourceDate "2010.11.26"]
[SourceVersion "1"]
[SourceVersionDate "2010.11.26"]
[SourceQuality "1"]

1. e4 c6 2. d4 d5 3. e5 Bf5 4. Nc3 e6 5. g4 Bg6 6. Nge2 h6 7. Be3 Nd7 8. Nf4 Bh7 9. Bd3 Bxd3 10. Qxd3 Bb4 11. h4 Qe7 12. a3 Bxc3+ 13. Qxc3 Nb6 14. b3 Qc7 15. Nh5 f6 16. Qd3 Qf7 17. f4 f5 18. Ng3 Ne7 19. gxf5 Nxf5 20. Nxf5 exf5 21. Bd2 Kd7 22. 0-0-0 h5 23. Rhg1 Rh6 24. Rg5 g6 25. Bb4 Qe6 26. a4 Ke8 27. a5 Nd7 28. c4 Rc8 29. Kb2 Nf8 30. Rc1 Qf7 31. Bxf8 Kxf8 32. cxd5 Qxd5 33. Rcg1 Qe6 34. Qc4 Qxc4 35. bxc4 Kg7 36. Rxf5 1-0